00614nam a2200157 a 450000500170000000800410001702000180005805000240007610000180010024501020011826000530022030000220027352001230029565000150041865000230043320140412111259.0010423s19uu xx 00 eng d a0-7214-7380-6 aM 823.912bN47 1998 aNesbit, Edith aThe Railway children /cby Edith Nesbit; retold by Joan Collins ; illustrated by George Buchanan. aLeicestershire, UK :bLadybird Books Ltd,c1998. a1v. (unp.) ; ill. aWhen their father is mysteriously taken away, Bobbie, Peter and Phyllis have to move with their mother to the country. aFolk Tales aChildren's stories